Adopciones : (Registro nro. 5765)
[ vista simple ]
| 000 -LEADER | |
|---|---|
| fixed length control field | 01687nab a22002297a 4500 |
| 003 - CONTROL NUMBER IDENTIFIER | |
| control field | OSt |
| 005 - DATE AND TIME OF LATEST TRANSACTION | |
| control field | 20260109000417.0 |
| 008 - FIXED-LENGTH DATA ELEMENTS--GENERAL INFORMATION | |
| fixed length control field | 190514b xxu||||| |||| 00| 0 spa d |
| 040 ## - CATALOGING SOURCE | |
| Transcribing agency | PJ |
| 100 ## - MAIN ENTRY--PERSONAL NAME | |
| 9 (RLIN) | 6681 |
| Personal name | Pérez Ovalle, Pamela B. |
| 245 10 - TITLE STATEMENT | |
| Title | Adopciones : |
| Remainder of title | procesos excluyentes y el deber de alimentos a la luz del interés superior de niños, niñas y adolescentes / |
| Statement of responsibility, etc | Pamela B. Pérez Ovalle. |
| 300 ## - PHYSICAL DESCRIPTION | |
| Extent | p. 99-108 |
| 505 ## - FORMATTED CONTENTS NOTE | |
| Formatted contents note | Sumario: I. Palabras introductorias.— II. El caso en análisis.— III. Algunos conceptos: la adopción como fuente de filiación en el nuevo paradigma. El derecho de NNA a tener una vida en familia.— IV. Hablemos con propiedad: son procesos excluyentes.— V. La controversia respecto de la fijación de una cuota alimentaria como consecuencia de un proceso excluyente.— VI. El interés superior de la niña como eje central. Su condición de vulnerabilidad y la protección reforzada.— VII. Los alimentos. Concepto y fuentes actuales de la obligación.— VIII. La aplicación analógica de la obligación alimentaria del progenitor afín.—<br/>IX. Los nuevos tipos de familia y el principio de solidaridad familiar.— X. Reflexiones finales. |
| 505 ## - FORMATTED CONTENTS NOTE | |
| Title | Fallo comentado: CCiv. y Com., Mercedes, sala II, 18/02/2025. - L. Y. s/ abrigo. |
| 650 #0 - SUBJECT ADDED ENTRY--TOPICAL TERM | |
| 9 (RLIN) | 967 |
| Topical term or geographic name as entry element | DERECHO DE FAMILIA |
| 650 #0 - SUBJECT ADDED ENTRY--TOPICAL TERM | |
| 9 (RLIN) | 2741 |
| Topical term or geographic name as entry element | DERECHOS DE LAS NIÑAS, NIÑOS Y ADOLESCENTES |
| 650 #0 - SUBJECT ADDED ENTRY--TOPICAL TERM | |
| 9 (RLIN) | 974 |
| Topical term or geographic name as entry element | ADOPCIÓN |
| 650 #0 - SUBJECT ADDED ENTRY--TOPICAL TERM | |
| 9 (RLIN) | 968 |
| Topical term or geographic name as entry element | ALIMENTOS |
| 650 #0 - SUBJECT ADDED ENTRY--TOPICAL TERM | |
| 9 (RLIN) | 1057 |
| Topical term or geographic name as entry element | JURISPRUDENCIA APLICABLE |
| 773 0# - HOST ITEM ENTRY | |
| Host Biblionumber | 2844 |
| Host Itemnumber | 3222 |
| Place, publisher, and date of publication | Buenos Aires : AbeledoPerrot, 1989- |
| Title | Derecho de familia. Revista Interdisciplinaria de doctrina y jurisprudencia. Agosto 2025-IV. |
| International Standard Book Number | 18511201 |
| 942 ## - ADDED ENTRY ELEMENTS (KOHA) | |
| Source of classification or shelving scheme | |
| Koha item type | Analítica Artículo de Revista |
No hay ítems disponibles.
